Defects and rectifications (Record no. 115319)

MARC details
000 -LEADER
fixed length control field 01323cam a22003135a 4500
001 - CONTROL NUMBER
control field L158457
008 - FIXED-LENGTH DATA ELEMENTS--GENERAL INFORMATION
fixed length control field 081030s2013 xxk f v 000 0 eng d
020 ## - INTERNATIONAL STANDARD BOOK NUMBER
International Standard Book Number 9781783210367
035 ## - SYSTEM CONTROL NUMBER
System control number (Sirsi) u158457
041 0# - LANGUAGE CODE
Language code of text/sound track or separate title eng
110 2# - MAIN ENTRY--CORPORATE NAME
Corporate name or jurisdiction name as entry element Royal Institution of Chartered Surveyors
9 (RLIN) 4900
245 00 - TITLE STATEMENT
Title Defects and rectifications
Medium [old edition]
250 ## - EDITION STATEMENT
Edition statement 1st ed.
260 ## - PUBLICATION, DISTRIBUTION, ETC.
Place of publication, distribution, etc. London
Name of publisher, distributor, etc. RICS
Date of publication, distribution, etc. 2013
300 ## - PHYSICAL DESCRIPTION
Extent 24 p.
490 #0 - SERIES STATEMENT
Series statement RICS Guidance Note
490 #0 - SERIES STATEMENT
Series statement RICS Black Book
520 ## - SUMMARY, ETC.
Summary, etc. Covers areas of interest such as what is a defect, the distinction between patent and latent defects, applicable law, making claims for defects, and practical considerations. Aimed at construction professionals who manage defective construction work or those who have to address the consequences when it occurs.
520 ## - SUMMARY, ETC.
Summary, etc. Superseded by 2nd edition ISBN 9781783215348
521 ## - TARGET AUDIENCE NOTE
Target audience note Advanced
590 ## - LOCAL NOTE (RLIN)
Local note KA
650 24 - SUBJECT ADDED ENTRY--TOPICAL TERM
Topical term or geographic name entry element LATENT DEFECTS
650 24 - SUBJECT ADDED ENTRY--TOPICAL TERM
Topical term or geographic name entry element BLACK BOOK
650 24 - SUBJECT ADDED ENTRY--TOPICAL TERM
Topical term or geographic name entry element RICS QS AND CONSTRUCTION STANDARDS
651 #4 - SUBJECT ADDED ENTRY--GEOGRAPHIC NAME
Geographic name United Kingdom
690 ## - LOCAL SUBJECT ADDED ENTRY--TOPICAL TERM (OCLC, RLIN)
Topical term or geographic name as entry element Building materials and defects
856 41 - ELECTRONIC LOCATION AND ACCESS
Uniform Resource Identifier <a href="https://www.isurv.com/downloads/file/5812/archive_defects_and_rectifications_1st_edition_rics_guidance_note_december_2013%E2%80%93june_2018">https://www.isurv.com/downloads/file/5812/archive_defects_and_rectifications_1st_edition_rics_guidance_note_december_2013%E2%80%93june_2018</a>
Public note Archived on isurv (subscription required)
942 ## - ADDED ENTRY ELEMENTS (KOHA)
Suppress in OPAC 0
Source of classification or shelving scheme Dewey Decimal Classification
Holdings
Withdrawn status Lost status Damaged status Not for loan Home library Current library Shelving location Date acquired Total Checkouts Full call number Date last seen Copy number Uniform Resource Identifier Price effective from Koha item type Public note
        London London RICS Boxes 22/03/2023   RICS 2013/28 22/03/2023     22/03/2023 Book  
        Virtual Virtual Online 06/03/2015   isurv 20/08/2024 1 https://www.isurv.com/downloads/file/5812/archive_defects_and_rectifications_1st_edition_rics_guidance_note_december_2013%E2%80%93june_2018 06/08/2019 Online material Archived on isurv (subscription required)